Quizzes
Events
Quiz Creation
Community
Videos
Private Events
Remove Ads
Sign In
Join for FREE
Feedback
Dark Mode
Quiz Categories
Sports
Geography
Music
Movies
Television
Just For Fun
Miscellaneous
History
Literature
Language
Science
Gaming
Entertainment
Religion
Holiday
For Kids
Quiz Lab
Recent
Popular Today
Quiz Kudos Today
Editor Picks
Curator Picks
Quizzes by...
Day
Popularity
Type
Ratings
Length
Year
Community
Subscriptions
Recent Discussions
Orange Saloon
Badges
Playlists
Quests
Create
Leaderboards
Showdown
Live 5
Trivia Bingo
Activity
Puzzle Library
Sporcle Events
Private Events
Virtual Trivia
Globe League
Become a Host
Pub Owners
SporcleCon
Opinionation
Our Games
Videos
Blog
Mobile Apps
Partnerships
Remove Ads and Go Orange
Feedback
Sports
Athletes
MLB
NBA
NHL
NFL
Soccer
Sports Teams
WWE
NCAA
Football
Premier League
Basketball
Baseball
Hockey
Golf
Tennis
Cricket
Rugby
Auto Racing
Olympics
World Cup
Sports
Athletes
MLB
NBA
NHL
NFL
Soccer
Sports Teams
WWE
NCAA
Football
Premier League
Basketball
Baseball
Hockey
Golf
Tennis
Cricket
Rugby
Auto Racing
Olympics
World Cup
Random Quiz
Search Sporcle
×
Quiz Lab
Quiz Lab
Sports
NHL
Type in answers that appear in a list
Type in answers that appear in a list
Classic
Best Score? Go Orange.
2011-12 NHL Shutouts Stats
Can you name the 2011-12 NHL Shutouts?
By
stiggles37
10m
51 Questions
99 Plays
99 Plays
99 Plays
Comments
Comments
Give Quiz Kudos
Give Quiz Kudos
-
- Ratings
hide this ad
Replay
Link that replays current quiz
Next Quiz
Link to next quiz in quiz playlist
You Got
0%
They Got
Avg Score
84%
Avg Friend Score
Upgrade to see
Score Distribution
Jump to the score distribution portion of the page
Score
0/51
Timer
10:00
0
Plays Today
Team
Goalie
% Correct
PHX
Mike Smith
99%
BUF
Ryan Miller
99%
LAK
Jonathan Quick
98%
NYR
Henrik Lundqvist
98%
DET
Jimmy Howard
98%
VAN
Roberto Luongo
98%
BOS
Tim Thomas
97%
BOS
Tuukka Rask
97%
NJD
Martin Brodeur
97%
CAR
Cam Ward
96%
NSH
Pekka Rinne
96%
MTL
Carey Price
96%
STL
Jaroslav Halak
94.9%
PHI
Ilya Bryzgalov
94.9%
SJS
Antti Niemi
94.9%
MIN
Niklas Backstrom
94.9%
VAN
Cory Schneider
94.9%
ANA
Jonas Hiller
93.9%
PIT
Marc-Andre Fleury
93.9%
STL
Brian Elliott
92.9%
WSH
Tomas Vokoun
91.9%
COL
Semyon Varlamov
91.9%
CGY
Miikka Kiprusoff
91.9%
WPG
Chris Mason
91.9%
CBJ
Steve Mason
91.9%
DAL
Kari Lehtonen
89.9%
Team
Goalie
% Correct
OTT
Craig Anderson
89.9%
TOR
James Reimer
87.9%
EDM
Nikolai Khabibulin
86.9%
WSH
Braden Holtby
86.9%
TBL
Dwayne Roloson
86.9%
FLA
Jose Theodore
85.9%
WPG
Ondrej Pavelec
84.8%
WSH
Michal Neuvirth
83.8%
NYI
Evgeni Nabokov
83.8%
NYR
Martin Biron
82.8%
COL
Jean-Sebastien Giguere
81.8%
TOR
Jonas Gustavsson
80.8%
NJD
Johan Hedberg
78.8%
EDM
Devan Dubnyk
78.8%
LAK
Jonathan Bernier
78.8%
MIN
Josh Harding
76.8%
BUF
Jhonas Enroth
75.8%
FLA
Scott Clemmensen
74.7%
DET
Ty Conklin
65.7%
TBL
Mathieu Garon
64.6%
OTT
Robin Lehner
49.5%
CAR
Justin Peters
48.5%
DAL
Richard Bachman
40.4%
CBJ
Curtis Sanford
39.4%
NYI
Anders Nilsson
26.3%
Quiz Playlist
Details
Report
Send in Message
Add To Playlist
Classic:
Type in answers that appear in a list
Quiz Source
Last Updated: Feb 16, 2017
Quiz Scoreboard
CHALLENGE
Sign Up to Join the Scoreboard
Show All
Scores
Hide
Comments
May contain spoilers
Recently Published
9x9 Crossword: Cartoon Network
by jackfrog10
Miscellaneous
3m
College Basketball Coaching Resumes
by pancakes188
Sports
9m
Billboard Blitz: Fleetwood Mac
by CooCooCachoo
Music
15s
More to Explore
Quiz From the Vault
Featured Blog Post
Where Did the Easter Bunny Come From?
hide this ad
You Might Also Like...
Tags
NHL Quiz
goalie
shutout
team
Today's Top Quizzes in Sports
Browse Sports
hide this ad
Today's Top Quizzes in NHL
Browse NHL
Top Contributed Quizzes in Sports
1
2022 World Cup Stars
2
Les meilleurs buteurs des matchs entre le PSG et l’OM
3
FIFA Club World Cup Champions
4
Les entraîneurs de l'OM et du PSG au 21e siècle
5
Criteria MLB: Left Handed Sluggers
6
2023 MLB Unique Player Accomplishments
7
AFC Teams Reveal (Wrong Answers Minefield)
8
Players with Multiple 50 Home Run Seasons
9
5-to-1: FBS Animal Nicknames
10
5-to-1: UK Sports Teams
Explore More
Trending Topics
Crossword
Disney
Harry Potter
NBA
Kpop
Anime
Marvel
WWE
Country
Pokémon
The Office
NFL
Puzzle
Soccer
Song
hide this ad
More By:
stiggles37
Quiz
Plays
Rating
Category
Featured
Created
NFL Starting QBs (2010s)
57,470
4.73
Sports
Dec 1, 2013
FIFA 19 Top 50 Players in Premier League
14,480
4.14
Sports
Sep 24, 2018
FIFA 18 Top 50 Players in Premier League
9,095
4.50
Sports
Mar 5, 2018
NHL Statistical All-Star Team (since 2000)
5,560
4.56
Sports
Jun 24, 2013
FIFA 19 Top 100 Overall Players
4,916
4.20
Sports
Sep 24, 2018
Go to Creator's Profile
Score Distribution
Quiz Creator Spotlight
stiggles37
Follow
Send a Message
Quizzes Created
-
Created Quiz Play Count
-
More By This Creator
Popular Quizzes Today
1
Find the US States - No Outlines Minefield
2
Find the Countries of Europe - No Outlines Minefield
3
The Countries of the World
4
Find the US States
5
Risky Map Clicking: Biggest States A-Z
6
US States
7
Popular People in 1961
8
Movies - When Are They Set?
More Sports Quizzes
100+ матчей в Лиге Чемпионов
Quiz Lab
Trending Quizzes
Risky Map Clicking: Least Populous States A-Z
1-10 Letter G Words
Risky Map Clicking: Next State Alphabetically
Adjectives in 80s TV Shows
The Seven Year Switch: Catherine
Recently Updated
Leaping Animals
pecheneg
Reality TV Shows (A-Z)
bhenderson79
Rickey Henderson's Hall of Fame Teammates
pecheneg
Champions League XIs: Arsenal
pecheneg
Quick Pick: Celebrities in WWE's Hall of Fame
aduchscher
A-Z Keypad Blitz II
pecheneg
Multiple Oscar Actors
pecheneg
Mystery Phrase Blitz: Oscar 'Best Actors'
pecheneg
F. Scott Fitzgerald Novels
LTH
Pick 3 Villains
ddd62291
Trending Topics
Disney
Kpop
Crossword
Anime
Marvel
NBA
Harry Potter
Country
Soccer
Pokémon
NFL
The Office
Song
WWE
Puzzle
Your Account Isn't Verified!
In order to create a playlist on Sporcle, you need to verify the email address you used during registration. Go to your
Sporcle Settings
to finish the process.
Report this User
Report this user for behavior that violates our
Community Guidelines
.
Details:
Send Report
Go to the Sporcle.com Mobile Site →
Comments